| 000 | 01210nam a2200265 i 4500 | ||
|---|---|---|---|
| 001 | 184003 | ||
| 003 | ES-MaACL | ||
| 005 | 20250904060332.0 | ||
| 008 | 150206s2007 sp ao |||| | spa d | ||
| 020 | _a978-84-935455-1-2 | ||
| 080 | _a582.284(460.184 Benavente) | ||
| 100 | 1 |
_aJuan Martínez, José Miguel, _d1969- _9156296 |
|
| 245 | 1 | 0 |
_aSetas comunes de Benavente y comarca / _cJosé Miguel Juan Martínez ; [prólogos de Alfonso Merchán y Santiago de Castro]. |
| 260 |
_aBenavente : _bCentro de Estudios Benaventanos "Ledo del Pozo", _c2007. |
||
| 300 |
_a179 p. : _bil. col., fot. ; _c28 cm. |
||
| 490 | 1 |
_aPatrimonio natural ; _v1 |
|
| 504 | _aBibliografía: p. 179. | ||
| 505 | 8 |
_aContiene: ; _tÍndice de nombres científicos,( _gp. [173]) ; _tCreencias populares,( _gp. 175) ; _tReactivos químicos, (Micología),( _gp. 177) |
|
| 650 | 7 |
_aSetas- _zZamora (Provincia) _9156297 |
|
| 700 | 1 |
_aCastro Alfageme, Santiago de _9156298 |
|
| 710 | 2 |
_aCentro de Estudios Benaventanos "Ledo del Pozo" _9144530 |
|
| 830 | 0 |
_aPatrimonio natural ; _v1 _9192021 |
|
| 852 |
_aES-MaACL _jB-467 _z- Enc. cart. _z. - Donat. Centro de Estudios Benaventanos "Ledo del Pozo" |
||
| 999 |
_c184003 _d184003 |
||